000 00662nam a2200253Ia 4500
008 160803s9999 xx 000 0 und d
020 _a0 439598915
100 _aParker, Marjorie Blain
245 _aHello, freight train! /
245 _cby Marjorie Blain Parker ; illustrated by Bob Kolar.
260 _aNew York :
260 _bScholastic Inc.
260 _c2005
300 _a1 volume (unpaged) :
300 _bcolor illustrations ;
300 _c23 cm.
650 _aDogs --
650 _aRailroad trains --
650 _aRailroads -- Trains --
650 _xFiction.
650 _xFiction.
650 _xFiction.
700 _a490
999 _c298942
_d298942